Italy A - Z by Images - Statistics

General Stats
  • This quiz has been taken 42 times
  • The average score is 12 of 24
Answer Stats
Picture Answer % Correct
Ferrari
97%
Benito Mussolini
95%
Espresso
90%
Christopher Columbus
85%
Lombardy
77%
Juventus
74%
Vesuvius
74%
Pantheon
72%
Garda
62%
Sophia Loren
62%
Dolomites
56%
Kappa
51%
Ricotta
51%
Umberto II
51%
Tiber
46%
Negroni
41%
Hadrian
28%
Matera
23%
Orecchiette
21%
Arezzo
18%
Involtini
10%
Quirinal Palace
3%
Walter Chiari
0%
Zuccotto
0%
No matching quizzes found
Score Distribution
Percent of People with Each Score
Percentile by Number Answered
Your Score History
You have not taken this quiz